Slovak growth convergence and the great recession
Recesia ako prvý test stability a odolnosti slovenskej ekonomiky. Porovnanie makroekonomických ukazovateľov Slovenska s krajinami V4 a EÚ. Riziká recesie.
Saved in:
| Main Author: | |
|---|---|
| Format: | Book Chapter |
| Language: | English |
| Subjects: | |
| Tags: |
No Tags, Be the first to tag this record!
|
MARC
| LEADER | 00000naa$a2200000$$$4500 | ||
|---|---|---|---|
| 001 | 0116049 | ||
| 005 | 20231011115533.7 | ||
| 041 | 0 | |a eng | |
| 044 | |a SK | ||
| 245 | 1 | 0 | |a Slovak growth convergence and the great recession |c Colin Lawson |
| 520 | |a Recesia ako prvý test stability a odolnosti slovenskej ekonomiky. Porovnanie makroekonomických ukazovateľov Slovenska s krajinami V4 a EÚ. Riziká recesie. | ||
| 610 | 2 | 0 | |a Slovensko |
| 610 | 2 | 0 | |a konvergencia |
| 610 | 2 | 0 | |a recesia |
| 610 | 2 | 0 | |a rast hospodársky |
| 610 | 2 | 0 | |a Vyšehradská štvorka |
| 610 | 2 | 0 | |a Európska únia |
| 610 | 2 | 0 | |a porovnanie medzinárodné |
| 100 | 1 | |a Lawson, Colin William | |